7 Groups of 7- Geography #1 - Statistics

General Stats
  • This quiz has been taken 1,428 times
  • The average score is 40 of 49
Answer Stats
Hint Answer % Correct
Central American Countries Panama
98%
Central American Countries Belize
97%
Central American Countries Costa Rica
97%
Central American Countries Honduras
97%
Central American Countries El Salvador
96%
Central American Countries Guatemala
96%
Central American Countries Nicaragua
96%
Arabian Peninsula Countries Oman
96%
Arabian Peninsula Countries Saudi Arabia
96%
Countries in Former Yugoslavia Bosnia and Herzegovina
95%
Countries in Former Yugoslavia Serbia
95%
Countries in Former Yugoslavia Slovenia
95%
Group of Seven (G7) Countries United States
95%
Arabian Peninsula Countries Yemen
95%
Countries crossed by the Andes Argentina
94%
Countries crossed by the Andes Bolivia
94%
Countries crossed by the Andes Chile
94%
Countries crossed by the Andes Colombia
94%
Countries in Former Yugoslavia Croatia
94%
Group of Seven (G7) Countries France
94%
Countries crossed by the Andes Peru
94%
Arabian Peninsula Countries Qatar
94%
Arabian Peninsula Countries United Arab Emirates
94%
Countries crossed by the Andes Ecuador
93%
Group of Seven (G7) Countries Germany
93%
Countries in Former Yugoslavia Kosovo
93%
Group of Seven (G7) Countries United Kingdom
93%
Countries in Former Yugoslavia Montenegro
92%
Arabian Peninsula Countries Kuwait
91%
Countries in Former Yugoslavia North Macedonia
91%
Countries crossed by the Andes Venezuela
90%
Arabian Peninsula Countries Bahrain
89%
Group of Seven (G7) Countries Canada
88%
Group of Seven (G7) Countries Italy
87%
African Great Lakes Lake Victoria
87%
Group of Seven (G7) Countries Japan
84%
The Seven Seas (Ancient Greece) Mediterranean Sea
80%
The Seven Seas (Ancient Greece) Red Sea
74%
The Seven Seas (Ancient Greece) Black Sea
73%
The Seven Seas (Ancient Greece) Adriatic Sea
63%
The Seven Seas (Ancient Greece) Aegean Sea
63%
The Seven Seas (Ancient Greece) Caspian Sea
59%
African Great Lakes Lake Malawi
47%
African Great Lakes Lake Tanganyika
43%
The Seven Seas (Ancient Greece) Persian Gulf
40%
African Great Lakes Lake Albert
18%
African Great Lakes Lake Edward
13%
African Great Lakes Lake Kivu
12%
African Great Lakes Lake Turkana
11%
No matching quizzes found
Score Distribution
Percent of People with Each Score
Percentile by Number Answered
Your Score History
You have not taken this quiz